Delavier's stretching anatomy / (Record no. 30631)

000 -LEADER
fixed length control field 01152cam a2200337 a 4500
001 - CONTROL NUMBER
control field 16720057
005 - DATE AND TIME OF LATEST TRANSACTION
control field 20200107114508.0
008 - FIXED-LENGTH DATA ELEMENTS--GENERAL INFORMATION
fixed length control field 110404s2010 ilua 000 0 eng
010 ## - LIBRARY OF CONGRESS CONTROL NUMBER
LC control number 2011009478
020 ## - INTERNATIONAL STANDARD BOOK NUMBER
International Standard Book Number 9781450413985 (soft cover)
020 ## - INTERNATIONAL STANDARD BOOK NUMBER
International Standard Book Number 1450413986 (soft cover)
040 ## - CATALOGING SOURCE
Original cataloging agency DLC
Transcribing agency DLC
Modifying agency DLC
041 1# - LANGUAGE CODE
Language code of text/sound track or separate title eng
Language code of original fre
042 ## - AUTHENTICATION CODE
Authentication code pcc
050 00 - LIBRARY OF CONGRESS CALL NUMBER
Classification number QM151
Item number .D45513 2010
082 00 - DEWEY DECIMAL CLASSIFICATION NUMBER
Classification number 611/.73
Edition number 22
100 1# - MAIN ENTRY--PERSONAL NAME
Personal name Delavier, Frédéric.
240 10 - UNIFORM TITLE
Uniform title <a href="Guide du stretching.">Guide du stretching.</a>
Language of a work English
245 10 - TITLE STATEMENT
Title Delavier's stretching anatomy /
Statement of responsibility, etc. Frédéric Delavier, Jean-Pierre Clémenceau, Michael Gundill.
246 30 - VARYING FORM OF TITLE
Title proper/short title Stretching anatomy
260 ## - PUBLICATION, DISTRIBUTION, ETC. (IMPRINT)
Place of publication, distribution, etc. Champaign, IL :
Name of publisher, distributor, etc. Human Kinetics,
Date of publication, distribution, etc. c2010.
300 ## - PHYSICAL DESCRIPTION
Extent 143 p. :
Other physical details col. ill. ;
Dimensions 26 cm.
650 #0 - SUBJECT ADDED ENTRY--TOPICAL TERM
Topical term or geographic name as entry element Muscles
General subdivision Anatomy.
650 #0 - SUBJECT ADDED ENTRY--TOPICAL TERM
Topical term or geographic name as entry element Stretching exercises.
650 #0 - SUBJECT ADDED ENTRY--TOPICAL TERM
Topical term or geographic name as entry element Muscle strength.
700 1# - ADDED ENTRY--PERSONAL NAME
Personal name Clémenceau, Jean-Pierre.
700 1# - ADDED ENTRY--PERSONAL NAME
Personal name Gundill, Michael.
906 ## - LOCAL DATA ELEMENT F, LDF (RLIN)
a 7
b cbc
c orignew
d 1
e ecip
f 20
g y-gencatlg
942 ## - ADDED ENTRY ELEMENTS (KOHA)
Source of classification or shelving scheme
Koha item type Hard Covered Materials
Classification part QM151 .D45513 2010
Holdings
Withdrawn status Lost status Source of classification or shelving scheme Damaged status Not for loan Home library Current library Shelving location Date acquired Source of acquisition Cost, normal purchase price Total Checkouts Full call number Barcode Date last seen Price effective from Koha item type
          MACHAKOS UNIVERSITY LIBRARY MACHAKOS UNIVERSITY LIBRARY Open shelf 07/01/2020 Donation (DVC ASA ) EYS 2409.48   QM151 .D45513 2010 23221 07/01/2020 07/01/2020 Hard Covered Materials
© Machakos University Library, Along The Highway, Machakos Wote Rd, Machakos, Kenya P.O. Box 136 - 90100 Machakos - Kenya

Tel: ( +254 ) 723 805829 OR Fax : 044-20353 OR Email: library@mksu.ac.ke